LEADER 01899nam 2200445 a 450 001 9910691207103321 005 20010926085054.0 035 $a(CKB)5470000002345297 035 $a(OCoLC)48030655 035 9 $aocm48030655 035 $a(OCoLC)995470000002345297 035 $a(EXLCZ)995470000002345297 100 $a20010926d2000 ua 0 101 0 $aeng 135 $auran|||||| 181 $ctxt$2rdacontent 182 $cc$2rdamedia 183 $acr$2rdacarrier 200 10$aFederal information security$b[electronic resource] $eactions needed to address widespread weaknesses : statement of Jack L. Brock, Jr., Director, Governmentwide and Defense Information Systems, Accounting and Information Management Division, before the Subcommittee on Government Management, Information, and Technology, Committee on Government Reform, House of Representatives /$fUnited States General Accounting Office 210 1$a[Washington, D.C.] :$cThe Office,$d[2000] 225 1 $aTestimony ;$vGAO/T-AIMD-00-135 300 $a"March 29, 2000." 300 $aPaper version available from the General Accounting Office. 300 $aTitle from title screen. 320 $aIncludes bibliographical references. 517 $aFederal information security 606 $aAdministrative agencies$xData processing$xSecurity measures$zUnited States 606 $aComputer security$zUnited States 606 $aInformation technology$xSecurity measures$zUnited States 615 0$aAdministrative agencies$xData processing$xSecurity measures 615 0$aComputer security 615 0$aInformation technology$xSecurity measures 700 $aBrock$b Jack L$01383468 712 02$aUnited States.$bGeneral Accounting Office. 801 0$bGPO 801 1$bGPO 906 $aBOOK 912 $a9910691207103321 996 $aFederal information security$93433761 997 $aUNINA